| 000 | 00992nas a2200325 4500 | ||
|---|---|---|---|
| 001 | BR2012007832 | ||
| 003 | BR-BrBNA | ||
| 005 | 20231205121331.0 | ||
| 007 | ta | ||
| 008 | 230509b bl.|||p| |||| 00| 00por d | ||
| 040 |
_aBR-BrBNA _bpor _cBiblioteca Nacional de Agricultura |
||
| 041 | _a(Pt) | ||
| 072 | _aL74 | ||
| 100 | 1 | _aMagalhães, J.A. | |
| 100 | 1 | _aTakigawa, R.M. | |
| 100 | 1 | _aTownsend, C.R. | |
| 100 | 1 | _aCosta, N. de L. | |
| 100 | 1 | _aPereira, R.G. de A. | |
| 245 | 1 | _aTolerância de bovídeos à temperatura e umidade do trópico úmido | |
| 246 | 1 | _aHeat tolerance of bovine and buffaloes in the humid tropic | |
| 650 | _aBOVÍDEO | ||
| 650 | _aBOVINO | ||
| 650 | _aBÚFALO | ||
| 650 | _aRESISTÊNCIA A TEMPERATURA | ||
| 650 | _aCLIMA | ||
| 650 | _aUMIDADE | ||
| 773 | 0 |
_tRevista Científica de Produção Animal (Brazil) _xISSN 1415-563X _g(Jul-Dec 2000), v. 2(2)162-167 _wBR2012007832 |
|
| 909 |
_a202311 _bLúcia _c55 _dLúcia Elande |
||
| 942 |
_2AGRIS _n0 _cANA |
||
| 999 |
_c223001 _d223001 |
||